00872 2200229 4500001002100000005001700021008004100038035002500079040001200104082001400116090002000130100002500150245016700175260007300342300003100415500008100446504002800527650003900555700001800594850001200612990001800624INLIS00000000000861120150807094155.0  a0010-081500000000049 aYOPDYOG 223a510.7 aSKb510.7 Ded P aDEDE Hendra Budianto aPengaruh lingkungan belajar dan cara belajar terhadap prestasi belajar matematika siswa kelas X semester I MAN Wonokromo Bantul Yogyakartac/ Dede Hendra Budianto aYogyakartabUniversitas Islam Negeri Sunan Kalijaga Yogyakartac2005 axiv, 71 lembarc; 29,5 cm. aSkripsi Fakultas Tarbiyah Universitas Islam Negeri Sunan Kalijaga Yogyakarta aBibliografi: hlm. 70-71 aMatematika -- studi dan pengajaran aSEDYA Santosa aYOPDYOG a47025-PD/A.15